| 000 | 00676nam a22002057a 4500 | ||
|---|---|---|---|
| 999 |
_c2468 _d2468 |
||
| 005 | 20181015160649.0 | ||
| 008 | 181015b ||||| |||| 00| 0 eng d | ||
| 020 | _a0801021340 | ||
| 040 | _cDLC | ||
| 082 |
_a266 _bF9654P |
||
| 100 | _aFuller, W. Harold | ||
| 245 |
_aPeople of The Mandate; _bThe Story of the World Evangelical Fellowship |
||
| 260 |
_aMichigan _aGrand Rapid _bBaker Book House _c1996 |
||
| 300 | _axiii, 209p,; | ||
| 500 | _aincludes index, appendix & bibliography [190-209] | ||
| 650 |
_aEvangelistic work _xMission of the church |
||
| 650 |
_aWorld Evangelical Fellowship _xEvangelical Alliance |
||
| 650 | _xMissions--Societies, etc | ||
| 942 |
_2ddc _cBK |
||